Statistics for NPB歴代新人王

Click here to take the quiz!

General Stats

  • This quiz has been taken 273 times
    (49 since last reset)
  • The average score is 34 of 138

Answer Stats

Groups年度球団選手% Correct
2023阪神村上頌樹
87%
2019ヤクルト村上宗隆
87%
1978南海村上之宏
87%
2018楽天田中和基
79%
2007楽天田中将大
79%
2022巨人大勢
79%
2020広島森下暢仁
77%
2023オリックス山下舜平大
77%
2021広島栗林良吏
72%
1967東映高橋善正
69%
1964大洋高橋重行
69%
2020西武平良海馬
69%
2019ソフトバンク高橋礼
69%
2022西武水上由伸
62%
2013ヤクルト小川泰弘
62%
2018DeNA東克樹
59%
2014ロッテ石川歩
56%
2015DeNA山﨑康晃
56%
2002ヤクルト石川雅規
56%
2021オリックス宮城大弥
54%
2017中日京田陽太
54%
2016阪神髙山俊
51%
2005ヤクルト青木宣親
49%
2014広島大瀬良大地
49%
2013楽天則本昂大
46%
2017西武源田壮亮
46%
2012広島野村祐輔
46%
1999巨人上原浩治
44%
1958巨人長嶋茂雄
44%
2010巨人長野久義
41%
2009巨人松本哲也
36%
1999西武松坂大輔
36%
1998中日川上憲伸
36%
2008巨人山口鉄也
31%
2007阪神上園啓史
31%
1975阪急山口高志
31%
1988中日立浪和義
31%
1986西武清原和博
31%
2011巨人澤村拓一
28%
2001阪神赤星憲広
28%
1993ヤクルト伊藤智仁
28%
1981巨人原辰徳
28%
2016日本ハム高梨裕稔
28%
2003ダイエー和田毅
28%
2005ロッテ久保康友
28%
1980阪神岡田彰布
28%
2000横浜金城龍彦
26%
1996日本ハム金子誠
26%
1956西鉄稲尾和久
23%
1961中日権藤博
23%
1952国鉄佐藤孝夫
23%
1970南海佐藤道郎
23%
2015日本ハム有原航平
23%
2012ロッテ益田直也
23%
1977大洋斉藤明雄
23%
2009ソフトバンク攝津正
23%
1990近鉄野茂英雄
23%
1953洋松権藤正利
23%
2006広島梵英心
23%
1977阪急佐藤義則
23%
2008オリックス小松聖
21%
1978巨人角三男
21%
1956大洋秋山登
21%
1959大洋桑田武
21%
1995広島山内泰幸
21%
2006日本ハム八木智哉
18%
2003巨人木佐貫洋
18%
1995オリックス平井正史
18%
1959東映張本勲
18%
2011西武牧田和久
15%
2002日本ハム正田樹
15%
1950松竹大島信雄
15%
1990中日与田剛
15%
1966巨人堀内恒夫
15%
1997広島澤﨑俊和
15%
1992阪神久慈照嘉
15%
1985広島川端順
15%
1996巨人仁志敏久
13%
1994ダイエー渡辺秀一
13%
2004ヤクルト川島亮
13%
1991中日森田幸一
13%
1972西鉄加藤初
13%
1998西武小関竜也
13%
1955阪神西村一孔
13%
2001オリックス大久保勝信
13%
2004ダイエー三瀬幸司
13%
1982広島津田恒美
13%
2010日本ハム榊原諒
13%
1969阪神田淵幸一
13%
1982近鉄大石大二郎
10%
1984広島小早川毅彦
10%
1983巨人槙原寛己
10%
1968巨人高田繁
10%
1952西鉄中西太
10%
1994阪神藪恵市
10%
1951巨人松田清
10%
1953西鉄豊田泰光
10%
1969ロッテ有藤通世
10%
1976南海藤田学
8%
1962巨人城之内邦雄
8%
1970中日谷沢健一
8%
1974中日藤波行雄
8%
1976中日田尾安志
8%
1981西武石毛宏典
8%
1957巨人藤田元司
8%
1997ロッテ小坂誠
8%
1980日本ハム木田勇
8%
1954巨人広岡達朗
8%
1984阪急藤田浩雅
8%
1989オリックス酒井勉
8%
1987近鉄阿波野秀幸
8%
1986広島長冨浩志
5%
1979西武松沼博久
5%
1971巨人関本四十四
5%
1979中日藤沢公也
5%
1958南海杉浦忠
5%
1962東映尾崎行雄
5%
1989ヤクルト笘篠賢治
5%
1987ヤクルト荒井幸雄
5%
1992近鉄髙村祐
3%
1960巨人堀本律雄
3%
1991オリックス長谷川滋利
3%
1954南海宅和本司
3%
1967サンケイ武上四郎
3%
1955毎日榎本喜八
3%
1950毎日荒巻淳
3%
1972ヤクルト安田猛
3%
1985阪急熊野輝光
3%
1951南海蔭山和夫
3%
1957南海木村保
3%
1993西武杉山賢人
3%
1973日拓新美敏
0%
1974ロッテ三井雅晴
0%
1983日本ハム二村忠美
0%
1971東映皆川康夫
0%
1961近鉄徳久利明
0%
1988西武森山良二
0%
1965西鉄池永正明
0%

Score Distribution

Percentile by Number Answered

Percent of People with Each Score

Your Score History

You have not taken this quiz since the last reset